Größte Handelspartnern - Schweiz - Statistiken

Allgemein
  • Dieses Quiz wurde 210 mal gespielt
  • Das Durchschnittsergebnis liegt bei 15 aus 19
Antwortstatistiken
Exportieren Importieren Land % Korrekt
43,7 bil 52,0 bil Deutschland
99%
37,0 bil 24,0 bil Vereinigte Staaten
99%
17,7 bil 16,4 bil Frankreich
98%
45,9 bil 20,8 bil China
97%
14,9 bil 19,8 bil Italien
97%
7,56 bil 7,89 bil Österreich
97%
5,70 bil 5,16 bil Spanien
94%
7,70 bil 3,59 bil Japan
91%
32,7 bil 19,1 bil Vereinigtes Königreich
88%
3,53 bil Kanada
85%
14,6 bil Indien
82%
6,22 bil 4,85 bil Belgien
81%
5,13 bil 5,06 bil Niederlande
81%
3,07 bil Türkei
73%
2,96 bil Südkorea
69%
7,81 bil Irland
55%
5,05 bil Thailand
46%
4,35 bil 16,6 bil Vereinigte Arabische Emirate
37%
6,52 bil 3,42 bil Singapur
33%
Keine übereinstimmenden Quizze gefunden
Verteilung der Resultate
Anzahl Personen mit jedem Resultat
Perzentil nach korrekt beantworteten Fragen
Ihre Resultats-Entwicklung
Sie haben dieses Quiz noch nicht gespielt